| Tag |
First Indicator |
Second Indicator |
Subfields |
| LEADER |
00000cam a2200000 4500 |
| 001 |
in00000011103 |
| 005 |
20151007052004.0 |
| 008 |
751009s1940 nmuabf 00110 eng |
| 010 |
|
|
|a 40028389
|
| 035 |
|
|
|a (OCoLC)01689063
|
| 035 |
|
|
|9 AAA5772AM
|
| 040 |
|
|
|a DLC
|c YHM
|d YHM
|d OCL
|d TXA
|d UtOrBLW
|
| 049 |
|
|
|a TXAS
|c [A08607015]
|
| 050 |
0 |
0 |
|a F801
|b .H58
|
| 082 |
0 |
|
|a 917.89
|
| 100 |
1 |
|
|a Hewett, Edgar L.
|q (Edgar Lee),
|d 1865-1946.
|
| 245 |
1 |
0 |
|a Landmarks of New Mexico /
|c by Edgar L. Hewett and Wayne L. Mauzy. Publication of the University of New Mexico and the School of American research.
|
| 264 |
|
1 |
|a [Albuquerque] :
|b The University of New Mexico press,
|c [1940]
|
| 264 |
|
4 |
|c [©1940]
|
| 300 |
|
|
|a 200 pages :
|b including illustrations (1 color) plates. frontispiece (map) ;
|c 25 cm.
|
| 336 |
|
|
|a text
|b txt
|2 rdacontent
|
| 337 |
|
|
|a unmediated
|b n
|2 rdamedia
|
| 338 |
|
|
|a volume
|b nc
|2 rdacarrier
|
| 490 |
0 |
|
|a Handbooks of archaeological history, by Edgar L. Hewett
|
| 500 |
|
|
|a Series title in part at head of title.
|
| 651 |
|
0 |
|a New Mexico
|x Description and travel.
|
| 651 |
|
0 |
|a New Mexico
|x Antiquities.
|
| 650 |
|
0 |
|a Indians of North America
|z New Mexico.
|
| 700 |
1 |
|
|a Mauzy, Wayne L.
|
| 999 |
|
|
|a MARS
|
| 999 |
f |
f |
|s cf6d9e51-bde5-30c4-9aeb-59f9e4dc444d
|i fbee9eb3-e1a4-3571-9eca-19f5b42cdeff
|t 0
|
| 952 |
f |
f |
|p noncirc
|a Texas A&M University
|b College Station
|c Cushing Memorial Library & Archives
|d Cushing: Dykes (Does not check out)
|t 0
|e F801 .H58
|h Library of Congress classification
|i unmediated -- volume
|m A14851732629
|
| 998 |
f |
f |
|a F801 .H58
|t 0
|l Cushing: Dykes (Does not check out)
|